Mission accomplished : the safeguarding of the monuments of Nubia : the two temples of Abu Simbel /

محفوظ في:

مؤلف مشترك: United Arab Republic. Wizārat al-Thaqāfah.

التنسيق: كتاب

اللغة: English
Arabic
French

منشور في: [Cairo] : The Ministry, 1968.

الموضوعات:

الوسوم: إضافة وسم

لا توجد وسوم, كن أول من يضع وسما على هذه التسجيلة!

رقم الطلب: DT73 .A15 U54

LEADER 01046nam a22002777a 4500
003 OSt
005 20251201120514.0
008 251201t1968 ua a g 000 0 eng d
010 |a 80510873 
040 |c ARCE Library 
041 0 |a eng  |a ara  |a fre  
043 |a f-ua--- 
050 1 4 |a DT73 .A15  |b U54 
110 1 |a United Arab Republic.   |b Wizārat al-Thaqāfah. 
245 1 0 |a Mission accomplished :   |b the safeguarding of the monuments of Nubia : the two temples of Abu Simbel /   |c United Arab Republic, Ministry of Culture. 
264 1 |a [Cairo] :   |b The Ministry,   |c 1968. 
300 |a 44, [20], 24 pages :   |b illustrations ;   |c 24 cm. 
500 |a Added title pages in Arabic and French; Arabic t.p. has title: Muhimmah tammat; French t.p. has title: Mission accomplie. 
546 |a Arabic, English, and French. 
650 0 |a Monuments  |x Conservation and restoration  |z Egypt  |z Abu Sunbul. 
651 0 |a Abū Sunbul (Egypt). 
740 0 |a Muhimmah tammat. 
740 0 |a Mission accomplie. 
901 |a reviewed 
942 |c BK  |2 lcc 
999 |c 27837  |d 27837